MARC

Tag First Indicator Second Indicator Subfields
LEADER 00000cam a2200000 i 4500
001 in00004635429
006 m o d
007 cr cnu---unuuu
008 180720s2018 enkab ob 001 0 eng d
005 20230103223449.7
035 |a (OCoLC)on1045069757 
040 |a JSTOR  |b eng  |e rda  |e pn  |c JSTOR  |d ICN  |d OCLCF  |d ERL  |d MERER  |d OAPEN  |d OCLCQ  |d SOI  |d EZ9  |d LOA  |d U3W  |d LVT  |d OCLCQ  |d TXR  |d AGL  |d OCL  |d N$T  |d EBLCP  |d YDX  |d UKMGB  |d UKAHL  |d UKKNU  |d P@U  |d OCLCO  |d ERD  |d OCLCQ  |d OCLCO 
015 |a GBB895049  |2 bnb 
016 7 |a 018877046  |2 Uk 
020 |a 9781787353114  |q (electronic bk.) 
020 |a 1787353117  |q (electronic bk.) 
020 |a 9781787353145  |q (ePub ebook) 
020 |a 1787353141 
020 |a 9781787353152  |q (Kindle ebook) 
020 |a 178735315X 
020 |z 1787353133 
020 |z 9781787353138 
020 |z 9781787353121 
020 |z 1787353125 
035 |a (OCoLC)1045069757 
037 |a 22573/ctv3hh8gh  |b JSTOR 
043 |a fh----- 
050 4 |a GN650  |b .F74 2018eb 
070 0 |a SF196.A3  |b F74 2018 
072 7 |a SOC  |x 026020  |2 bisacsh 
072 7 |a SOC  |x 042000  |2 bisacsh 
072 7 |a SOC  |x 002000  |2 bisacsh 
072 7 |a POL  |x 067000  |2 bisacsh 
072 7 |a SOC  |x 055000  |2 bisacsh 
082 0 4 |a 636.2/08450963  |2 23 
049 |a TXAM 
100 1 |a Fre, Zeremariam,  |e author. 
245 1 0 |a Knowledge sovereignty among African cattle herders /  |c Zeremariam Fre. 
264 1 |a London :  |b UCL Press,  |c 2018. 
264 4 |c ©2018 
300 |a 1 online resource (xiv, 200 pages) :  |b illustration, maps 
336 |a text  |b txt  |2 rdacontent 
337 |a computer  |b c  |2 rdamedia 
338 |a online resource  |b cr  |2 rdacarrier 
504 |a Includes bibliographical references (pages 187-196) and index. 
588 0 |a Print version record. 
520 |a Beni-Amer cattle owners in the western part of the Horn of Africa are not only masters in cattle breeding, they are also knowledge sovereign, in terms of owning productive genes of cattle and the cognitive knowledge base crucial to sustainable development. The strong bonds between the Beni-Amer, their animals, and their environment constitute the basis of their ways of knowing, and much of their knowledge system is built on experience and embedded in their cultural practices. In this book, the first to study Beni-Amer practices, Zeremariam Fre argues for the importance of their knowledge, challenging the preconceptions that regard it as untrustworthy when compared to scientific knowledge from more developed regions. Empirical evidence suggests that there is much one could learn from the other, since elements of pastoralist technology, such as those related to animal production and husbandry, make a direct contribution to our knowledge of livestock production. It is this potential for hybridisation, as well as the resilience of the herders, at the core of the indigenous knowledge system. 
505 0 |a Intro; Half Title; Praise page; Title Page; Copyright Page; Epigraph; Dedication; Preface; Acknowledgements; Contents; List of figures; List of tables; Chapter One: Introduction; The Beni-Amer cattle herders; Productive potential of the cattle in the study area and the scientific evidence; Traditional area of the Bgait/Bulad cattle; Key elements of pastoral knowledge among the Beni-Amer; Chapter Two: The case for indigenous knowledge systems and knowledge sovereignty; The broader context; The 'indigenous' versus the 'scientific' position; Advancing the cause of knowledge sovereignty 
505 8 |a Threats to indigenous knowledge and knowledge sovereigntyKey debates; Are indigenous knowledge systems sufficient to address modern food needs?; Do indigenous knowledge systems perpetuate socio-cultural systems of repression and segregation?; Are indigenous knowledge methods in food production geographically and culturally suitable, while 'cookie-cutter' global scientific methods are not?; What are the economic and health implications of low-input versus high-input methods?; Hybrid knowledge systems: are they feasible?; Knowledge sovereignty: threats, adaptation and merger; Note 
505 8 |a Chapter Three: The Horn of Africa: the ecological setting and the position of the pastoralistsThe ecological setting; Rainfall and climate; Water resources; Range resources and vegetation; Seeking a broad definition of pastoralism and agro-pastoralism in the Horn of Africa; Defining pastoralism in Beni-Amer terms; Pastoral specialisation versus diversification; Social organisation, power structure and the socio-economic/cultural role of livestock among Beni-Amer cattle owners; Competition and conflict over resources; Note 
505 8 |a Chapter Four: Overview of the key elements of the pastoral knowledge systems of the Beni-AmerThe importance of crossbreeding practices; Herd composition and managing productive herds; Animal production and husbandry; Ethno-veterinary knowledge and practice; Ethno-botanic knowledge and traditional land use; Chapter Five: Animal production among the Beni-Amer; Knowledge of breeds and the origins of Bgait cattle; Pastoral genetics: breeding with purpose; High milking ability, size and coat colour; Loyalty to the herder and a good fighter against intruders; Walking ability 
505 8 |a Comparison with western breeding systemsAn example of manipulating breeding; Breed selection among the Beni-Amer; The process of bull selection; Sensitivity to heat (oestrus) detection; Calving, milk let-down and yields; Herd composition, size and structure; Chapter Six: Cattle husbandry among the Beni-Amer; Knowing your animal, according to the Beni-Amer; Naming animals; Signs of property (tribal branding); Herd management; Salt provision; Night grazing and grazing patterns; Crop fodder provision; Watering; Labour; Herding techniques; Oestrus detection and mating 
650 0 |a Cattle herders  |z Africa, Northeast. 
650 0 |a Pastoral systems  |z Africa, Northeast. 
650 0 |a Cattle  |x Breeding  |z Africa, Northeast. 
650 0 |a Sustainable development  |z Africa, Northeast. 
650 0 |a Traditional farming  |z Africa, Northeast. 
650 0 |a Beni Amer (African people)  |x Social life and customs. 
650 6 |a Pastoralisme  |z Afrique du Nord-Est. 
650 6 |a Développement durable  |z Afrique du Nord-Est. 
650 6 |a Agriculture traditionnelle  |z Afrique du Nord-Est. 
650 7 |a Development studies.  |2 bicssc 
650 7 |a Food & society.  |2 bicssc 
650 7 |a Rural communities.  |2 bicssc 
650 7 |a Anthropology.  |2 bicssc 
650 7 |a Social & cultural anthropology, ethnography.  |2 bicssc 
650 7 |a Development economics & emerging economies.  |2 bicssc 
650 7 |a Agriculture & farming.  |2 bicssc 
650 7 |a SOCIAL SCIENCE  |x Sociology  |x Rural.  |2 bisacsh 
650 7 |a Cattle  |x Breeding.  |2 fast  |0 (OCoLC)fst00849471 
650 7 |a Cattle herders.  |2 fast  |0 (OCoLC)fst00849720 
650 7 |a Pastoral systems.  |2 fast  |0 (OCoLC)fst01054688 
650 7 |a Sustainable development.  |2 fast  |0 (OCoLC)fst01139731 
650 7 |a Traditional farming.  |2 fast  |0 (OCoLC)fst01153966 
651 7 |a Northeast Africa.  |2 fast  |0 (OCoLC)fst01239516 
650 7 |a Ethnozoologie  |z Afrique du Nord-Est.  |2 ram 
650 7 |a Savoir-faire  |x Anthropologie  |z Afrique du Nord-Est.  |2 ram 
650 7 |a Pastoralisme  |z Afrique du Nord-Est.  |2 ram 
650 7 |a Pasteurs  |z Afrique du Nord-Est.  |2 ram 
655 7 |a Electronic books.  |2 local 
710 2 |a JSTOR (Organization) 
776 0 8 |i Print version:  |a Fre, Zeremariam.  |t Knowledge sovereignty among African cattle herders.  |d London : UCL Press, 2018  |z 1787353133  |w (OCoLC)1019618738 
856 4 0 |u https://www.jstor.org/stable/10.2307/j.ctv3hvc5n  |z Connect to the full text of this electronic book  |t 0 
955 |a JSTOR Open Access ebooks 
994 |a 92  |b TXA 
999 f f |s 823c5671-3028-4916-8c5c-69578ebd23a8  |i 7521d32a-11ff-4e64-a9f0-a644b66182b5  |t 0 
952 f f |a Texas A&M University  |b College Station  |c Electronic Resources  |d Available Online  |t 0  |e GN650 .F74 2018eb  |h Library of Congress classification 
998 f f |a GN650 .F74 2018eb  |t 0  |l Available Online